Music Quiz

Random Music or Taylor Swift Quiz
Score 0/25 Timer 10:00
0 Plays Today
Question Answer % Correct
In 1991 , this woman's debut single 'She's in Love with the Boy' went to number 1Trisha Yearwood
88.6%
She is the first Country Singer to win American IdolCarrie Underwood
78.3%
This band criticised the Iraq War in 2003 Dixie Chicks
77.2%
He has had 46 number 1s on the US Country ChartsGeorge Strait
68.7%
This band had a hit with a song called 'Boondocks'Little Big Town
66.2%
Covered the Bobbie Gentry song 'Fancy'Reba McEntire
64.9%
Topped the Country & Pop charts with 'Amazed'Lonestar
56.6%
He won American Idol in 2011Scotty McCreery
50.6%
He was the guitarist when Carrie Underwood sang 'How Great Thou Art'Vince Gill
46.3%
His 2013 album was called 'Fuse'Keith Urban
43%
She recorded 'Down to the River to Pray' for O Brother Where Art ThouAlison Krauss
42.7%
He is the highest selling solo artist in all-genres in AmericaGarth Brooks
42.3%
Reese Witherspoon won an Oscar for playing this Country singerJune Carter Cash
42.1%
Question Answer % Correct
This Woman in the sister of Loretta Lynn and had 18 Country Number 1sCrystal Gayle
39.8%
Had a hit with 'Let Me Let Go'Faith Hill
39.1%
He has had 5 number 1s since coming off Nashville StarChris Young
37.8%
'Who Needs Pictures' was his debut albumBrad Paisley
32.2%
This person had the highest selling Country Album of All TimeShania Twain
31.5%
He starred alongside Barbra Streisand in 'A Star is Born' Kris Kristofferson
30%
She is the youngest solo artist to win a GrammyLeAnn Rimes
29.3%
This Hollywood actress was the lead in Country StrongGwyneth Paltrow
29.3%
Made a duet with Reba McEntire on 'Does He Love You'Linda Davis
24.8%
She is the only Australian woman to top the US Country Album & Pop Album Chart at the same timeOlivia Newton-John
23.3%
Was in Sugarland alongside Jennifer NettlesKristian Bush
23%
He had a top 10 hit in the UK with a duet of 'All I have to do is dream'Glen Campbell
6.3%
Remove Ads.
Support Sporcle.
Get the best of Sporcle when you Go Orange. This ad-free experience offers more features, more stats, and more fun while also helping to support Sporcle. Thank you for becoming a member.

You're not logged in!

Compare scores with friends on all Sporcle quizzes.
OR
Log In

Show Comments

Extras

Top Quizzes Today


Score Distribution

Your Account Isn't Verified!

In order to create a playlist on Sporcle, you need to verify the email address you used during registration. Go to your Sporcle Settings to finish the process.

Report this User

Report this user for behavior that violates our Community Guidelines.

Details: